[Event "ACL-A646"]
[Site "www.playchess.de"]
[Date "2006.01.22"]
[Round "7"]
[White "BDG_Girl"]
[Black "Franciscan"]
[WhiteElo "1738"]
[BlackElo "1500"]
[PlyCount "62"]
[Result "0-1"]

1.d4 {Hello and good luck!}  Nf6 {Many greetings 
from Czech republicand good luck, too.}  2.Nc3 d5 
3.e4 Nxe4 {Can you write me, please, in which town 
and state are you living ?}  4.Nxe4 {I live in 
Bowling Green, Kentucky!}  dxe4 {Thank you for 
your reply.}  5.Bc4 Nc6 6.c3 e5 7.d5 Ne7 8.f3 Ng6 
9.Qe2 exf3 10.Nxf3 Bd6 11.Bg5 f6 12.Bb5+ Bd7 
13.Be3 O-O 14.O-O Bg4 15.Qf2 a6 16.Ba4 b5 17.Bb3 
f5 18.Bg5 Qd7 19.Rfe1 f4 20.Bc2 Rf5 21.a4 Bxf3 
22.Bxf5 Qxf5 23.gxf3 Qxg5+ {Merry Christmas !}  
24.Kh1 {Merry Christams and my God Bless you and 
your family!}  b4 {Thank you.}  25.Reg1 Qh5 26.c4 
Re8 27.Raf1 e4 28.Rfe1 e3 29.Qg2 Re4 30.c5 Bxc5 
31.fxe4 f3 0-1

[Event "HCL-B3769"]
[Site "www.playchess.de"]
[Date "2006.01.22"]
[Round "10"]
[White "bossjos"]
[Black "Kold_Blooded_Ken"]
[WhiteElo "1292"]
[BlackElo "1400"]
[PlyCount "84"]
[Result "0-1"]

1.e4 e5 2.Nf3 Nc6 3.Bc4 Nh6 4.d3 Bc5 5.Nc3 O-O 
6.Bxh6 Qf6 7.Bg5 Qg6 8.Nd5 Kh8 9.Nxc7 Rb8 10.Bh4 
d5 11.Nxd5 Qxg2 12.Rg1 Qh3 13.Rg3 Qe6 14.Ng5 Qh6 
15.Qg4 Bxg4 16.Rxg4 Nd4 17.Bb3 f5 18.exf5 Nf3+ 
19.Nxf3 Rxf5 20.Nd2 Rbf8 21.Ne4 Qh5 22.Nxc5 Qxg4 
23.Bg3 e4 24.Ne3 Qf3 25.Nxe4 Qh1+ 26.Nf1 Qf3 
27.Rd1 Re8 28.Ne3 Rf7 29.Bxf7 Rf8 30.Bd5 h5 31.Nf6 
Qxf6 32.Kd2 Qxb2 33.Nc4 Qxa2 34.Re1 Rd8 35.Bf7 Kh7 
36.Re5 g6 37.Ra5 Qb1 38.Be5 Qb4+ 39.Bc3 Qe7 
40.Bxg6+ Kxg6 41.Re5 Qh4 42.Re2 
Qxc4 0-1

[Event "HCL-C4020"]
[Site "www.playchess.de"]
[Date "2006.01.22"]
[Round "10"]
[White "Kelthek"]
[Black "epenz"]
[WhiteElo "597"]
[BlackElo "937"]
[PlyCount "134"]
[Result "0-1"]

1.e4 e5 2.Nf3 Nc6 3.Bb5 d6 4.d4 Bd7 5.Nc3 a6 6.Bc4 
h6 7.O-O Nf6 8.Qd3 b5 9.Bd5 Be7 10.dxe5 dxe5 
11.Nxe5 Nxd5 12.Nxd5 Nxe5 13.Qd4 Bd6 14.Bf4 c5 
15.Qe3 Nc4 16.Qc3 Bxf4 17.Nxf4 O-O 18.Nh5 f6 
19.Qg3 Qe7 20.Rfe1 Nxb2 21.Qg6 Qf7 22.Nf4 Rae8 
23.Qxf7+ Rxf7 24.Ng6 Bc6 25.f3 Nc4 26.Red1 Rd7 
27.Rxd7 Bxd7 28.Rd1 Be6 29.Rd6 Bc8 30.Rc6 Na3 
31.c3 c4 32.Rc7 Kh7 33.Nf4 Nc2 34.Nh5 Rg8 35.Re7 
Kg6 36.g4 Be6 37.Rxe6 a5 38.f4 Ne3 39.f5+ Kf7 
40.Kf2 Nxg4+ 41.Kf3 Nxh2+ 42.Kf4 Re8 43.Rxe8 Kxe8 
44.Nxg7+ Kf7 45.Ne6 Nf1 46.e5 fxe5+ 47.Kxe5 h5 
48.Nd8+ Ke7 49.Nc6+ Kf7 50.Nxa5 Ne3 51.Nc6 Nd1 
52.f6 Nxc3 53.Na7 b4 54.Nc6 b3 55.Nd8+ Kf8 56.Ke6 
bxa2 57.f7 a1Q 58.Kf6 Qa6+ 59.Ke5 h4 60.Ne6+ Qxe6+ 
61.Kxe6 h3 62.Ke5 h2 63.Kd4 Ne2+ 64.Ke3 h1Q 
65.Kxe2 Qd5 66.Ke3 c3 67.Kf4 c2 0-1

[Event "HCL-B3795"]
[Site "www.playchess.de"]
[Date "2006.01.22"]
[Round "7"]
[White "Sonea"]
[Black "mn"]
[WhiteElo "1350"]
[BlackElo "1245"]
[PlyCount "40"]
[Result "1/2-1/2"]

1.d3 {Hello from Imardin, Kyralia}  g6 {hi from 
austria}  2.c3 Bg7 3.e4 e5 4.Nf3 Ne7 5.Be2 d5 
6.Nbd2 O-O 7.Qc2 c5 8.O-O Nbc6 9.b3 d4 10.a3 b6 
11.Bb2 a5 12.c4 Be6 13.Ng5 Qd7 14.Nxe6 Qxe6 15.Nf3 
Bh6 16.Bc1 Bg7 17.Bd2 f5 18.exf5 Nxf5 19.Ng5 Qd7 
20.Ne4 Rf7 {(offering draw)}  1/2-1/2

[Event "HCL-B3836"]
[Site "www.playchess.de"]
[Date "2006.01.22"]
[Round "1"]
[White "PhilipKaveny"]
[Black "ama49"]
[WhiteElo "1353"]
[BlackElo "1183"]
[PlyCount "81"]
[Result "1/2-1/2"]

1.e4 {Hello my friend. I recently lost six games 
in a row but now I am on a roll}  e5 {That is a 
pity - this could have been your 7th !!}  2.f4 
{Heh Heh}  Nc6 3.Nf3 d6 4.Bc4 Nf6 5.Ng5 d5 6.exd5 
Nxd5 7.c3 Nce7 8.O-O c6 9.fxe5 Be6 10.Nxe6 fxe6 
11.d4 b5 12.Bd3 g6 13.Qf3 Nf5 14.Bxf5 gxf5 15.Qh5+ 
Kd7 16.Bg5 Be7 17.Qf7 Kc7 18.c4 Rf8 19.Qxh7 bxc4 
20.Nc3 Re8 21.Nxd5+ cxd5 22.Bd2 Kc6 23.b4 a6 24.a4 
Rb8 25.b5+ axb5 26.axb5+ Rxb5 27.Ra6+ Rb6 28.Ba5 
Rxa6 29.Bxd8 Bxd8 30.Rb1 Bb6 31.Kf1 Ra7 32.Qg6 
Raa8 33.Rd1 c3 34.Qg3 c2 35.Qc3+ Kb7 36.Qxc2 Rec8 
37.Qb2 Rc4 38.Qb5 Rc6 39.Qb4 Rac8 40.Qe7+ R8c7 
41.Qb4 {(offering draw) I cannot make  progress} 
 1/2-1/2

[Event "HCL-C4012"]
[Site "www.playchess.de"]
[Date "2006.01.22"]
[Round "8"]
[White "Energie"]
[Black "reingp"]
[WhiteElo "800"]
[BlackElo "1443"]
[PlyCount "39"]
[Result "1-0"]

1.b4 e5 2.Bb2 Qf6 3.Nf3 Nc6 4.b5 Nd4 5.Nxd4 exd4 
6.e3 Bc5 7.Qf3 Qe7 8.Be2 Qe5 9.a4 a6 10.bxa6 bxa6 
11.Qxa8 Ne7 12.exd4 Bxd4 13.c3 Bb6 14.a5 Bxa5 
15.d4 Qg5 {im back}  16.O-O Bb6 17.Bxa6 O-O 18.Re1 
h5 19.Bc1 Qf6 {im going to trip today, so i wont 
be able to play for a couple of 
days,
bie and till then.

ps: Brazil is gonna win the football cup in your 
country this year! (again)}  20.Qe4 1-0

[Event "HCL-B3704"]
[Site "www.playchess.de"]
[Date "2006.01.22"]
[Round "10"]
[White "Jasper_Hattink"]
[Black "Grand73Am"]
[WhiteElo "950"]
[BlackElo "1480"]
[PlyCount "64"]
[Result "0-1"]

1.e4 c5 2.Nc3 Nc6 3.f4 d6 4.Bc4 Nf6 5.d3 e6 6.Nf3 
a6 7.d4 cxd4 8.Nxd4 g6 9.Nxc6 bxc6 10.Be3 Bg7 
11.e5 Nd5 12.Bxd5 exd5 13.Na4 Rb8 14.Rb1 O-O 
15.Qd4 Re8 16.O-O dxe5 17.Qa7 Bf5 18.Rfc1 d4 
19.Bd2 exf4 20.Bxf4 Ra8 21.Qb6 d3 22.Qxd8 Raxd8 
23.cxd3 Rd4 24.Rce1 Rxe1+ 25.Rxe1 Rxf4 26.Re8+ Bf8 
27.Nb6 Kg7 28.g3 Bc5+ 29.Kg2 Rf2+ 30.Kg1 Bh3 
31.Re1 Re2+ 32.Kh1 Rxe1+ 0-1

[Event "HCL-A2544"]
[Site "www.playchess.de"]
[Date "2006.01.22"]
[Round "19"]
[White "jerrylaine"]
[Black "lunchpail"]
[WhiteElo "1585"]
[BlackElo "1315"]
[PlyCount "80"]
[Result "0-1"]

1.e4 {Greetings from Finland!}  e5 {hello from 
canada!}  2.Nf3 d6 3.d4 Nf6 4.dxe5 Nxe4 5.Bc4 Be6 
6.Bxe6 {Happy New Year!}  fxe6 7.Qe2 d5 {and to 
you!}  8.Qb5+ Nd7 9.Qxb7 Be7 10.Qc6 O-O 11.Qxe6+ 
Kh8 12.Qxd5 Nec5 13.O-O Qb8 14.Nc3 Nb6 15.Qd1 Qe8 
16.Qe2 Qg6 17.Nb5 Rf7 18.Nbd4 Raf8 19.c3 Ne6 
20.Be3 c5 21.Nxe6 Qxe6 22.Ng5 Bxg5 23.Bxg5 R7f5 
24.Be3 Rxe5 25.b3 Re8 26.Qd2 Qg6 27.Rfe1 h5 28.Bf4 
R5xe1+ 29.Rxe1 Rxe1+ 30.Qxe1 h4 31.f3 h3 32.Qh4+ 
Kg8 33.Qd8+ Kh7 34.Qd2 Qb1+ 35.Kf2 hxg2 36.Kxg2 
Qg6+ 37.Bg3 c4 38.Qe2 cxb3 39.axb3 Nd5 40.c4 
Nf4+ 0-1

[Event "HCL-C4061"]
[Site "www.playchess.de"]
[Date "2006.01.22"]
[Round "8"]
[White "daveboy6968"]
[Black "IRONMAIDEN"]
[WhiteElo "1008"]
[BlackElo "1393"]
[PlyCount "58"]
[Result "0-1"]

1.d4 {hello good luck+happy new year :-)}  d5 {HI, 
the same to you!}  2.e3 {:-) thanks}  Bf5 3.c4 Nf6 
4.c5 e6 5.Nf3 Be7 6.Ne5 Nbd7 7.Nxd7 Qxd7 8.Nc3 O-O 
9.Bb5 c6 10.Be2 b6 11.b4 Ne4 12.Nxe4 dxe4 13.a3 b5 
14.g4 Bg6 15.h4 h6 16.h5 Bh7 17.Bb2 Qc7 18.Rh3 
Rad8 19.f3 exf3 20.Bxf3 Bg5 21.Bc1 a5 22.Bg2 e5 
23.Qf3 exd4 24.exd4 Rfe8+ 25.Kf1 Bxc1 26.Rxc1 Rxd4 
27.Qxc6 Qf4+ 28.Rf3 Qxc1+ 29.Kf2 
Qe1+ 0-1

[Event "HCL-B3680"]
[Site "www.playchess.de"]
[Date "2006.01.22"]
[Round "6"]
[White "Wurstowski"]
[Black "abdulmobinraufi"]
[WhiteElo "925"]
[BlackElo "1500"]
[PlyCount "65"]
[Result "1-0"]

1.c4 c5 2.Nc3 Nf6 3.g3 Qc7 4.Bg2 d6 5.d3 Nc6 6.Bg5 
Bg4 7.Bxf6 gxf6 8.Nf3 Bxf3 9.Bxf3 Nd4 10.Qa4+ Kd8 
11.Bg2 Qd7 12.Qxd7+ Kxd7 13.O-O-O Bh6+ 14.e3 Nc6 
15.Kb1 Kc7 16.f4 e5 17.Rhe1 a6 18.Nd5+ Kd8 19.Nxf6 
b5 20.Bxc6 Rc8 21.Bb7 Rb8 22.Bxa6 bxc4 23.dxc4 Bg7 
24.Ne4 exf4 25.Rxd6+ Ke7 26.Bb5 fxg3 27.hxg3 f5 
28.Rd7+ Kf8 29.Nxc5 Bf6 30.Red1 Rb6 31.e4 Be5 
32.exf5 Bxg3 33.R7d8+ 1-0

[Event "HCL-A2547"]
[Site "www.playchess.de"]
[Date "2006.01.22"]
[Round "7"]
[White "Hort_BR"]
[Black "tomy"]
[WhiteElo "1698"]
[BlackElo "1541"]
[PlyCount "55"]
[Result "1-0"]

1.d4 Nf6 2.c4 g6 3.Nc3 d5 4.Nf3 c6 5.e3 Bf5 6.Be2 
Bg7 7.O-O O-O 8.Qb3 dxc4 9.Bxc4 b5 10.Be2 Qd6 
11.Ne5 Nbd7 12.Rd1 Nxe5 13.dxe5 Qxe5 14.Bf3 Bg4 
15.Be2 a6 16.f3 Bd7 17.e4 c5 18.Nd5 Bc6 19.Nc3 
Rfd8 20.Be3 c4 21.Qc2 Nh5 22.Bf1 Nf4 23.g3 Ne6 
24.Qf2 b4 25.f4 Qc7 26.Nd5 Qb7 27.Bxc4 Bxb2 
28.Qxb2 1-0

[Event "HCL-M854"]
[Site "www.playchess.de"]
[Date "2006.01.22"]
[Round "21"]
[White "Lan"]
[Black "Harijs"]
[WhiteElo "2038"]
[BlackElo "1840"]
[PlyCount "67"]
[Result "1-0"]

1.e4 {hi from Slovenia and good luck:)}  e5 {Hello 
from Latvia! Good game.}  2.Nf3 Nf6 3.Nxe5 d6 
4.Nf3 Nxe4 5.d4 d5 6.Bd3 Nc6 7.O-O Bg4 8.Re1 Be7 
9.c4 f5 10.cxd5 Qxd5 11.Nc3 Nxc3 12.bxc3 O-O 
13.Qa4 Qd6 14.Ne5 Nxe5 15.Rxe5 Bf6 16.Ba3 Qd8 
17.Qb3+ Kh8 {Merry Christmas!}  18.Rd5 {Merry 
Christmas:)}  Qc8 19.Bxf8 c6 20.Bxg7+ Bxg7 21.Rd6 
Bh5 22.Qe6 Qxe6 23.Rxe6 c5 24.dxc5 Bxc3 25.Rb1 Rg8 
26.Bxf5 Bf3 27.Re3 Bc6 28.Rxc3 Rxg2+ 29.Kf1 Rxh2 
30.Rh3 Bg2+ 31.Kg1 Bxh3 32.Kxh2 Bxf5 33.Rxb7 Be4 
34.Rxa7 1-0

[Event "HCL-C4032"]
[Site "www.playchess.de"]
[Date "2006.01.22"]
[Round "1"]
[White "JULIUS"]
[Black "garden"]
[WhiteElo "813"]
[BlackElo "1034"]
[PlyCount "58"]
[Result "0-1"]

1.e4 e5 2.Nf3 d6 3.Bb5+ Bd7 4.Nc3 c6 5.Bc4 Bg4 
6.d3 b5 7.Bb3 Nf6 8.O-O a5 9.Bg5 Be7 10.h3 Bxf3 
11.Qxf3 a4 12.Bxf7+ Kxf7 13.Ne2 h6 14.Bxf6 Bxf6 
15.b3 a3 16.Ng3 Ke8 17.c4 b4 18.Qh5+ Kd7 19.Nf5 
Qe8 20.Qg4 h5 21.Qg3 g5 22.Qe3 c5 23.Qf3 
{(offering draw)}  Qg6 {sry, not yet!}  24.Ne3 Qh6 
25.Nd5 Kc6 26.Ne3 g4 27.Qg3 Bg5 28.Nf5 Qh7 29.h4 
Bf4 0-1

[Event "HCL-A2542"]
[Site "www.playchess.de"]
[Date "2006.01.22"]
[Round "6"]
[White "carbug"]
[Black "alvimrf"]
[WhiteElo "1530"]
[BlackElo "1784"]
[PlyCount "28"]
[Result "0-1"]

1.e4 {Good game to you, al}  c5 {thank you!}  2.d4 
cxd4 3.c3 e5 4.cxd4 Bb4+ 5.Nc3 Qa5 6.Nf3 Nf6 7.Bd2 
Nc6 8.d5 Nd4 9.Nxe5 d6 10.Nc4 Qc5 11.Na4 Bxd2+ 
12.Nxd2 Nc2+ 13.Ke2 Qb5+ 14.Kf3 
Bg4+ 0-1

[Event "HCL-B3761"]
[Site "www.playchess.de"]
[Date "2006.01.23"]
[Round "4"]
[White "Rale"]
[Black "bossjos"]
[WhiteElo "1300"]
[BlackElo "1275"]
[PlyCount "73"]
[Result "1-0"]

1.d4 d5 2.Nc3 Nc6 3.e3 Bf5 4.Bb5 a6 5.Ba4 b5 6.Bb3 
e6 7.a3 Nf6 8.h3 Bd6 9.Nf3 O-O 10.Nd2 Na5 11.Ba2 
c5 12.dxc5 Be7 13.b4 Nc6 14.Bb2 Ne4 15.Ndxe4 dxe4 
16.O-O Qc7 17.Qe2 Rad8 18.Rad1 Rxd1 19.Rxd1 Rd8 
20.Nb1 Rxd1+ 21.Qxd1 h6 22.c4 Ne5 23.cxb5 axb5 
24.Bxe5 Qxe5 25.Qd4 Qc7 26.Nd2 Bf6 27.Qd6 Qxd6 
28.cxd6 e5 29.Bb1 Bd8 30.Bxe4 Bd7 31.Nb1 f5 
32.Bd5+ Kh7 33.e4 f4 34.Nd2 g5 35.Nb3 Kg6 36.Nc5 
Bc8 37.d7 1-0

[Event "HCL-C3994"]
[Site "www.playchess.de"]
[Date "2006.01.23"]
[Round "6"]
[White "jayr015"]
[Black "herrDokter"]
[WhiteElo "760"]
[BlackElo "912"]
[PlyCount "34"]
[Result "0-1"]

1.e4 {Good Luck!}  e5 {thank you, you too!}  2.Nf3 
Nc6 3.Bd3 Nf6 4.O-O Bc5 5.c4 O-O 6.Ng5 Nd4 7.a3 d6 
8.Nc3 Ng4 9.h3 Qxg5 10.hxg4 Bxg4 11.Qe1 Nb3 12.Rb1 
Bh3 13.g3 Nd4 14.Qd1 g6 15.Re1 Bg4 16.Be2 Nxe2+ 
17.Kf1 Nxg3+ 0-1

[Event "HCL-B3799"]
[Site "www.playchess.de"]
[Date "2006.01.23"]
[Round "21"]
[White "taroak"]
[Black "Bense"]
[WhiteElo "1450"]
[BlackElo "1012"]
[PlyCount "37"]
[Result "1-0"]

1.d4 c6 2.Nf3 d5 3.Nc3 Nf6 4.Bg5 Nfd7 5.e4 f6 
6.Bh4 e6 7.Bd3 Qa5 8.O-O Bb4 9.exd5 Bxc3 10.bxc3 
cxd5 11.Qd2 Nc6 12.Rfe1 a6 13.Rxe6+ Ne7 14.Rae1 g5 
15.R6xe7+ Kd8 16.Bg3 Qxa2 17.Nxg5 Rf8 18.Nf7+ Rxf7 
19.R7e8+ 1-0

[Event "HCL-C4068"]
[Site "www.playchess.de"]
[Date "2006.01.23"]
[Round "1"]
[White "jackone"]
[Black "surak"]
[WhiteElo "800"]
[BlackElo "1112"]
[PlyCount "43"]
[Result "1-0"]

1.c4 e6 2.Nc3 d5 3.cxd5 exd5 4.d4 c6 5.g3 Nf6 
6.Bg2 Bb4 7.e3 O-O 8.Nge2 Bg4 9.O-O Nbd7 10.e4 
dxe4 11.Nxe4 Nxe4 12.Bxe4 Nf6 13.f3 Bh3 14.Rf2 
Nxe4 15.fxe4 f5 16.Qb3+ Kh8 17.Qxb4 b5 18.e5 Qd5 
19.Nf4 Qd7 20.Nxh3 f4 21.Rxf4 Rxf4 
22.Nxf4 1-0

[Event "HCL-C3994"]
[Site "www.playchess.de"]
[Date "2006.01.23"]
[Round "15"]
[White "Roger_K"]
[Black "Bumble"]
[WhiteElo "1132"]
[BlackElo "1201"]
[PlyCount "64"]
[Result "0-1"]

1.e4 e5 2.Nf3 Nc6 3.Bc4 h6 4.Nc3 Nf6 5.d4 Ng4 6.d5 
Na5 7.Be2 Be7 8.Bd2 Bc5 9.O-O c6 10.b4 Bxb4 11.a3 
Bc5 12.h3 Nf6 13.Nxe5 O-O 14.Na4 d6 15.Nxc5 dxc5 
16.dxc6 bxc6 17.Bxa5 Qxa5 18.Nxc6 Qc7 19.e5 Ne4 
20.Qd5 Nc3 21.Qf3 Nxe2+ 22.Qxe2 Qxc6 23.Rfd1 Qg6 
24.g4 Qg5 25.Rd6 Bb7 26.h4 Qxh4 27.f3 Qg3+ 28.Qg2 
Qxe5 29.Rad1 Rfe8 30.Qf2 h5 31.f4 Qe4 32.gxh5 
Qh1+ 0-1

[Event "HCL-B3756"]
[Site "www.playchess.de"]
[Date "2006.01.23"]
[Round "20"]
[White "RUDI"]
[Black "unclcarle"]
[WhiteElo "1228"]
[BlackElo "1099"]
[PlyCount "75"]
[Result "1-0"]

1.e4 {hi unclcarle}  e5 {Hello Rudi.  Have a good 
game}  2.d4 {good luck to you}  exd4 3.Qxd4 Nc6 
4.Qd1 Qh4 5.Nc3 Bc5 6.g3 Qf6 7.f4 d6 8.Nd5 Qd4 
9.Qxd4 Bxd4 10.Nxc7+ Ke7 11.Nxa8 Bg4 12.h3 Bf3 
13.Nxf3 Nf6 14.Nc7 a6 15.Nd5+ Nxd5 16.c3 Nxc3 
17.Nxd4 Nxd4 18.bxc3 Nc2+ 19.Kd1 Nxa1 20.Bb2 Nc2 
21.Kxc2 Re8 22.Bd3 Kf8 23.Kb3 b5 24.Ba3 Kg8 
25.Bxd6 Rc8 26.e5 f6 27.e6 Rd8 28.e7 Re8 29.Be4 
Kf7 30.Bd5+ Kg6 31.g4 f5 32.gxf5+ Kxf5 33.Bf7 Rc8 
34.e8Q Rxe8 35.Bxe8 g6 36.Re1 g5 37.Re5+ Kxf4 
38.Bd7 1-0

[Event "HCL-B3771"]
[Site "www.playchess.de"]
[Date "2006.01.23"]
[Round "7"]
[White "nichju"]
[Black "unclcarle"]
[WhiteElo "1017"]
[BlackElo "1099"]
[PlyCount "61"]
[Result "1-0"]

1.e4 e5 {Greetings from NYC.  have a great game.}  
2.Nf3 {Greetings from Germany}  d6 3.Nc3 Bg4 4.h3 
Bxf3 5.Qxf3 Nf6 6.Bc4 c6 7.d3 b5 8.Bb3 d5 9.exd5 
Qd6 10.Bg5 Be7 11.Bxf6 Bxf6 12.O-O e4 13.Qxe4+ Be5 
14.d4 Nd7 15.Rfe1 cxd5 16.Nxb5 Qf6 17.dxe5 Nxe5 
18.Nc7+ Kd7 19.Nxd5 Qg5 20.Ba4+ Nc6 21.Rad1 Kc8 
22.Bxc6 Rb8 23.Ne7+ Kc7 24.Rd7+ Kb6 25.Qb4+ Ka6 
26.Qa4+ Kb6 27.Qb4+ Ka6 28.Bb7+ Rxb7 29.Qxb7+ Ka5 
30.Qxa7+ Kb5 31.Rd5+ 1-0

[Event "HCL-C3981"]
[Site "www.playchess.de"]
[Date "2006.01.23"]
[Round "5"]
[White "EdDaChed"]
[Black "daveboy6968"]
[WhiteElo "1096"]
[BlackElo "991"]
[PlyCount "99"]
[Result "1-0"]

1.e4 e5 {good luck :-)}  2.Nf3 {same to you}  d6 
{:-)}  3.Bc4 Nh6 4.d4 Bg4 5.d5 a6 6.Bg5 f6 7.Be3 
Bxf3 8.Qxf3 b5 9.Bb3 Nd7 10.c4 b4 11.Qh5+ g6 
12.Qf3 g5 13.O-O Nc5 14.Qh5+ Nf7 15.a3 Nxb3 16.Ra2 
bxa3 17.Rxa3 Nc5 18.Nd2 a5 19.g3 Qd7 20.Nf3 Na4 
21.b3 Nc3 22.Nd2 a4 23.Rc1 Nxe4 24.Nxe4 Qf5 
25.Rxa4 Rxa4 26.bxa4 Qxe4 27.a5 Qd3 28.Qd1 Qa3 
29.Ra1 Qb4 {happy new year ;-)}  30.Ra4 {Happy New 
Year to you too.}  Qb8 {thanks :-)}  31.a6 Qa8 
32.a7 Kd7 33.Ra6 Nd8 34.Qa4+ Ke7 35.Qb5 h5 36.Qb8 
Qxb8 37.axb8Q Kd7 38.Ra7 Ne6 39.dxe6+ Kxe6 40.Qc8+ 
Kf7 41.Qxc7+ Kg6 42.Qf7+ Kf5 43.f3 g4 44.f4 Ke4 
45.Kf2 Bh6 46.Qxf6 Rb8 47.Qxd6 Rb2+ 48.Bd2 Rc2 
49.Ke2 Bxf4 50.Qd3+ {good game} 
 1-0

[Event "HCL-E1541"]
[Site "www.playchess.de"]
[Date "2006.01.23"]
[Round "3"]
[White "alldrix"]
[Black "vvv_v"]
[WhiteElo "1600"]
[BlackElo "1840"]
[PlyCount "35"]
[Result "1/2-1/2"]

1.e4 {hi!}  e5 2.Nc3 Bc5 3.Bc4 Nf6 4.Nf3 d6 5.O-O 
Bg4 6.d3 h6 7.Be3 Bxe3 8.fxe3 Nc6 9.h3 Bh5 10.Qe1 
Na5 11.Bb3 Nxb3 12.axb3 c6 13.Qg3 O-O 14.Nh4 Nh7 
15.Nf5 Bg6 16.Nh4 Bh5 17.Nf5 Bg6 18.Nh4 {(offering 
draw)}  1/2-1/2

[Event "HCL-B3786"]
[Site "www.playchess.de"]
[Date "2006.01.23"]
[Round "4"]
[White "Sarek7"]
[Black "Sporang"]
[WhiteElo "1150"]
[BlackElo "946"]
[PlyCount "53"]
[Result "1-0"]

1.e4 e5 2.Nf3 Nc6 3.Bb5 d6 4.d4 a6 5.Ba4 b5 6.Bb3 
Nf6 7.Bg5 h6 8.Bh4 g5 9.Bg3 Nxe4 10.dxe5 Nxg3 
11.hxg3 Nxe5 12.Nxe5 dxe5 13.Qf3 Be6 14.Bxe6 fxe6 
15.O-O Qd5 16.Qf6 Rg8 17.Nc3 Qd6 18.Rad1 Qe7 
19.Qxe5 Bg7 20.Qe3 Rd8 21.Rxd8+ Qxd8 22.Qxe6+ Kf8 
23.Re1 Bf6 24.Nd5 Bd4 25.Qf5+ Kg7 26.Re7+ Kh8 
27.Qh7+ 1-0

[Event "HCL-M865"]
[Site "www.playchess.de"]
[Date "2006.01.23"]
[Round "9"]
[White "Losloper"]
[Black "AMT"]
[WhiteElo "2380"]
[BlackElo "1891"]
[PlyCount "83"]
[Result "1-0"]

1.e4 c5 2.Nf3 d6 3.d4 cxd4 4.Qxd4 Nc6 5.Bb5 Bd7 
6.Bxc6 Bxc6 7.Nc3 Nf6 8.Bg5 e6 9.O-O-O Be7 10.Rhe1 
O-O 11.e5 dxe5 12.Qh4 Qc7 13.Nxe5 Rfd8 14.Ng4 Nxg4 
15.Bxe7 Rxd1+ 16.Rxd1 Qf4+ 17.Rd2 Qf5 18.f3 Ne3 
19.Qg5 Qxg5 20.Bxg5 Nd5 21.Nxd5 exd5 22.Be3 b6 
23.Rd1 Re8 {(offering draw)}  24.Kd2 h5 25.Kd3 f6 
26.h4 Kf7 27.b3 Re5 28.a4 g5 29.Ra1 gxh4 30.Rh1 h3 
31.Rxh3 Bd7 32.Rh4 Bf5+ 33.Kd2 Bg6 34.g3 Rf5 35.f4 
Ke6 36.Bd4 Bf7 37.Ke3 Kd6 38.Rh1 Kc6 39.Ra1 a6 
40.Kf3 Be6 41.Re1 Kd6 42.Bxb6 1-0

[Event "HCL-E1521"]
[Site "www.playchess.de"]
[Date "2006.01.23"]
[Round "3"]
[White "tuGGy"]
[Black "ZorMaster"]
[WhiteElo "1522"]
[BlackElo "1752"]
[PlyCount "52"]
[Result "0-1"]

1.g4 d5 2.Bg2 e5 3.c4 Nf6 4.g5 Ne4 5.d3 Nxg5 
6.cxd5 f5 7.h4 Nf7 8.e4 Bc5 9.Be3 Bb4+ 10.Nc3 O-O 
11.a3 f4 12.axb4 fxe3 13.fxe3 Qd6 14.b5 Nd7 15.Nf3 
Nb6 16.Qe2 Bg4 17.O-O Nd7 18.d4 Qg6 19.Qd2 Kh8 
20.Kh2 Bxf3 21.Rxf3 Nf6 22.Rg1 exd4 23.Qxd4 Ng4+ 
24.Kh1 Nfe5 25.Rf4 Rxf4 26.exf4 
Qh5 0-1

[Event "HCL-A2462"]
[Site "www.playchess.de"]
[Date "2006.01.23"]
[Round "3"]
[White "abesow"]
[Black "WolfPlayer"]
[WhiteElo "1600"]
[BlackElo "1701"]
[PlyCount "49"]
[Result "0-1"]

1.e4 e5 2.Nf3 Nc6 3.d3 Nf6 4.h3 d5 5.exd5 Nxd5 
6.Be2 Bc5 7.O-O O-O 8.Bg5 f6 9.Bh4 Be6 10.c4 Nf4 
11.b4 Bxb4 12.a3 Bc5 13.Bg3 Ng6 14.Nc3 Nd4 15.Ne4 
Qe7 16.Nxd4 Bxd4 17.Bg4 Bf7 18.Bh5 b6 19.Bf3 Rad8 
20.Bh5 Kh8 21.Bxg6 Bxg6 22.a4 Bxa1 23.Qxa1 Rd4 
24.Qc3 Rfd8 25.a5 0-1

[Event "HCL-B3833"]
[Site "www.playchess.de"]
[Date "2006.01.23"]
[Round "17"]
[White "djpnola"]
[Black "PhilipKaveny"]
[WhiteElo "1162"]
[BlackElo "1353"]
[PlyCount "60"]
[Result "0-1"]

1.e4 {Hello again.
}  c5 {Hello}  2.Nf3 d6 {hello}  3.Bc4 e6 4.Nc3 
Nf6 5.O-O Be7 6.d4 cxd4 7.Nxd4 O-O 8.f4 d5 9.exd5 
Nxd5 10.Nf5 Bc5+ 11.Kh1 Nxc3 12.bxc3 Qxd1 13.Rxd1 
exf5 14.a4 Be6 15.Bxe6 fxe6 16.Ba3 Bxa3 17.Rxa3 
Nc6 {Okay the way to beat me is to play carefull 
boring games and get me to take chances it is my 
greatest weakness}  18.a5 {Boring games? But that 
takes the fun out of it.}  e5 {Yes it does}  19.g3 
e4 20.Re1 {So, I'm not just playing a materialist, 
but a dialectical materialist?   I'm doomed as 
doomed can be. 
}  Rfd8 {Not exactly but it is nice to talk to 
somebody who knows what I am talking about}  
21.Raa1 Rd2 22.Ra2 Re8 23.Re3 Red8 24.Re1 Rf2 
25.g4 Rdd2 26.gxf5 {oh, well. Next time I'll try 
to play "boring."}  Rfxh2+ 27.Kg1 Ne7 28.Rxe4 Nxf5 
29.Re8+ Kf7 30.Re4 Ng3 0-1

[Event "HCL-C4094"]
[Site "www.playchess.de"]
[Date "2006.01.23"]
[Round "8"]
[White "Henri"]
[Black "Kaspov"]
[WhiteElo "824"]
[BlackElo "814"]
[PlyCount "26"]
[Result "0-1"]

1.e4 {Bonjour et Bonne Partie}  e5 2.Nf3 Nc6 3.Bc4 
Bc5 4.O-O Nf6 5.d3 h6 6.Nc3 d6 7.Bb3 Bg4 8.h3 Bh5 
9.Qe2 Nd4 10.Qd1 Bxf3 11.gxf3 Qd7 12.Nd5 Qxh3 
13.Be3 Nxf3+ 0-1

[Event "HCL-C4068"]
[Site "www.playchess.de"]
[Date "2006.01.23"]
[Round "8"]
[White "surak"]
[Black "mudelta"]
[WhiteElo "1112"]
[BlackElo "1125"]
[PlyCount "45"]
[Result "1-0"]

1.e4 c5 2.Nf3 Nc6 3.d4 e6 4.dxc5 Bxc5 5.Be2 Nf6 
6.Bg5 Qa5+ 7.Nc3 Nxe4 8.Bd2 Nxc3 9.Bxc3 Bb4 10.a3 
Bxc3+ 11.bxc3 Qxc3+ 12.Nd2 O-O 13.O-O Nd4 14.Nf3 
Nf5 15.Bd3 Nd4 16.Nxd4 Qxd4 17.Bxh7+ Kxh7 18.Qxd4 
d5 19.f4 b6 20.Rf3 Bb7 21.Rh3+ Kg8 22.f5 exf5 
23.Qh4 1-0

[Event "HCL-B3836"]
[Site "www.playchess.de"]
[Date "2006.01.23"]
[Round "19"]
[White "sundfar"]
[Black "Akkarin"]
[WhiteElo "1310"]
[BlackElo "1351"]
[PlyCount "51"]
[Result "1-0"]

1.d4 d6 {Hello from Imardin, Kyralia}  2.c4 {hello 
from Oslo}  Nf6 3.Nc3 Nbd7 4.Nf3 e5 5.Bg5 Be7 6.e3 
c6 7.Be2 Qc7 8.O-O O-O 9.d5 Qd8 10.e4 Nb6 11.b4 
cxd5 12.exd5 Bg4 13.Nh4 Bxe2 14.Qxe2 Nfxd5 15.Bxe7 
Nxe7 16.Nf3 Qc7 17.Nd2 Ng6 18.Rac1 Rac8 19.Nce4 
Nf4 20.Qg4 f5 21.Qh4 fxe4 22.Nxe4 Ng6 23.Qg4 Qe7 
24.Rcd1 Nxc4 25.Rd3 Rf4 26.Qxc8+ 1-0

[Event "HCL-A2510"]
[Site "www.playchess.de"]
[Date "2006.01.23"]
[Round "2"]
[White "Dams"]
[Black "Olic"]
[WhiteElo "1265"]
[BlackElo "1713"]
[PlyCount "57"]
[Result "1-0"]

1.e4 {Hi, have a good game !}  e5 {Thanks! Tht 
same to you!}  2.Nf3 Nc6 3.Bb5 a6 4.Ba4 Nf6 5.O-O 
Nxe4 6.Re1 Nc5 7.Bxc6 dxc6 8.Nxe5 Be7 9.d4 Ne6 
10.Qf3 O-O 11.c3 Qd5 12.Nd2 f6 13.Nd3 Bd7 14.Qxd5 
cxd5 15.Nf3 Rfe8 16.Nf4 Nxf4 17.Bxf4 Rac8 18.Re2 
Bf8 19.Rae1 Rxe2 20.Rxe2 Bf5 21.h3 c6 22.Re1 h5 
23.Nh4 Be4 24.f3 Bh7 25.Kf2 g5 26.Bxg5 fxg5 27.Re5 
gxh4 28.Rg5+ Bg7 29.Rxh5 1-0

[Event "HCL-A2481"]
[Site "www.playchess.de"]
[Date "2006.01.23"]
[Round "16"]
[White "asskicker"]
[Black "Olic"]
[WhiteElo "1559"]
[BlackElo "1712"]
[PlyCount "67"]
[Result "1-0"]

1.c4 {greetings from washington, dc.}  Nf6 {Hello 
from Moscow and Have a good game!}  2.g3 e6 3.Bg2 
d5 4.cxd5 exd5 5.Nf3 Bb4 6.a3 Be7 7.Nc3 O-O 8.O-O 
c5 9.d3 Nc6 10.d4 Bf5 11.e3 Ne4 12.Nh4 Bxh4 
13.gxh4 cxd4 14.exd4 Qxh4 15.Be3 Rad8 16.Qf3 Nxc3 
17.bxc3 Be4 18.Qg3 Qxg3 19.fxg3 Bxg2 20.Kxg2 Rfe8 
21.Rf3 Na5 22.Bf2 Nc4 23.h4 Re2 24.g4 h5 25.gxh5 
Rd6 26.Kh3 Ra6 27.Bg3 Nd2 28.Rf5 Ne4 29.Be1 Re3+ 
30.Kg2 Rd6 31.Re5 Rd7 32.Re8+ Kh7 33.a4 a6 
34.a5 1-0

[Event "HCL-A2510"]
[Site "www.playchess.de"]
[Date "2006.01.23"]
[Round "1"]
[White "Olic"]
[Black "Baldrick"]
[WhiteElo "1713"]
[BlackElo "1727"]
[PlyCount "54"]
[Result "0-1"]

1.e4 {Hi! and have a good game!}  Nf6 {Hello and 
good luck!}  2.e5 Nd5 3.c4 Nb6 4.d4 d6 5.f4 dxe5 
6.fxe5 Nc6 7.Be3 Bf5 8.Nc3 e6 9.Be2 Bb4 10.Nf3 Qd7 
11.O-O O-O-O 12.Nh4 Bg6 13.Nxg6 fxg6 14.Qb3 a5 
15.Rad1 Rhf8 16.Rxf8 Rxf8 17.d5 exd5 18.Nxd5 Qe8 
19.Bxb6 cxb6 20.Nxb6+ Kc7 21.Nd5+ Kb8 22.Nxb4 axb4 
23.Rf1 Rxf1+ 24.Kxf1 Qxe5 25.Qg3 Qxg3 26.hxg3 Kc7 
27.Kf2 Kd6 0-1